<?xml version="1.0" encoding="UTF-8"?>
<record
    xmlns:xsi="http://www.w3.org/2001/XMLSchema-instance"
    xsi:schemaLocation="http://www.loc.gov/MARC21/slim http://www.loc.gov/standards/marcxml/schema/MARC21slim.xsd"
    xmlns="http://www.loc.gov/MARC21/slim">

  <leader>01804cam a2200313 i 4500</leader>
  <controlfield tag="001">17200228</controlfield>
  <controlfield tag="003">EG-ScBUE</controlfield>
  <controlfield tag="005">20260106095958.0</controlfield>
  <controlfield tag="008">120306t2013    njua   f b    001 0 eng d</controlfield>
  <datafield tag="020" ind1=" " ind2=" ">
    <subfield code="a">9780471692140 (cloth)</subfield>
  </datafield>
  <datafield tag="040" ind1=" " ind2=" ">
    <subfield code="a">EG-ScBUE</subfield>
    <subfield code="b">eng</subfield>
    <subfield code="e">rda</subfield>
    <subfield code="c">EG-ScBUE</subfield>
    <subfield code="d">EG-ScBUE</subfield>
  </datafield>
  <datafield tag="082" ind1="0" ind2="4">
    <subfield code="a">502.82</subfield>
    <subfield code="2">22</subfield>
    <subfield code="b">MUR</subfield>
  </datafield>
  <datafield tag="100" ind1="1" ind2=" ">
    <subfield code="a">Murphy, Douglas B.,</subfield>
    <subfield code="e">author.</subfield>
    <subfield code="9">33221</subfield>
  </datafield>
  <datafield tag="245" ind1="1" ind2="0">
    <subfield code="a">Fundamentals of light microscopy and electronic imaging /</subfield>
    <subfield code="c">Douglas B. Murphy, Michael W. Davidson.</subfield>
  </datafield>
  <datafield tag="250" ind1=" " ind2=" ">
    <subfield code="a">Second edition.</subfield>
  </datafield>
  <datafield tag="264" ind1=" " ind2="1">
    <subfield code="a">Hoboken, N.J. : </subfield>
    <subfield code="b">Wiley-Blackwell,</subfield>
    <subfield code="c">[2013]</subfield>
  </datafield>
  <datafield tag="264" ind1=" " ind2="4">
    <subfield code="c">c2013</subfield>
  </datafield>
  <datafield tag="300" ind1=" " ind2=" ">
    <subfield code="a">xiii, 538 pages :</subfield>
    <subfield code="b">illustrations (chiefly color) ;</subfield>
    <subfield code="c">27 cm</subfield>
  </datafield>
  <datafield tag="336" ind1=" " ind2=" ">
    <subfield code="2">rdacontent</subfield>
    <subfield code="a">text</subfield>
    <subfield code="b">txt</subfield>
  </datafield>
  <datafield tag="337" ind1=" " ind2=" ">
    <subfield code="a">unmediated</subfield>
    <subfield code="2">rdamedia</subfield>
    <subfield code="b">n</subfield>
  </datafield>
  <datafield tag="338" ind1=" " ind2=" ">
    <subfield code="a">volume</subfield>
    <subfield code="b">nc</subfield>
    <subfield code="2">rdacarrier</subfield>
  </datafield>
  <datafield tag="504" ind1=" " ind2=" ">
    <subfield code="a">Includes bibliographical references and index.</subfield>
  </datafield>
  <datafield tag="505" ind1="0" ind2=" ">
    <subfield code="a">Fundamentals of light microscopy -- Light and color -- Illuminators, filters, and the isolation of specific wavelengths -- Lenses and geometrical optics -- Diffraction and interference in image formation -- Diffraction and spatial resolution -- Phase contrast microscopy and darkfield microscopy -- Properties of polarized light -- Polarization microscopy -- Differential interference contrast (DIC) microscopy and modulation contrast microscopy -- Fluorescence microscopy -- Fluorescence imaging of dynamic molecular processes -- Confocal laser scanning microscopy -- Two-photon excitation fluorescence microscopy -- Superresolution imaging -- Imaging living cells with the microscope -- Fundamentals of digital imaging -- Digital imaging processing.</subfield>
  </datafield>
  <datafield tag="650" ind1=" " ind2="7">
    <subfield code="a">Microscopy.</subfield>
    <subfield code="2">BUEsh</subfield>
    <subfield code="9">33222</subfield>
  </datafield>
  <datafield tag="653" ind1=" " ind2=" ">
    <subfield code="c">May2013</subfield>
  </datafield>
  <datafield tag="655" ind1=" " ind2=" ">
    <subfield code="v">Reading book</subfield>
  </datafield>
  <datafield tag="700" ind1="1" ind2=" ">
    <subfield code="a">Davidson, Michael W.</subfield>
    <subfield code="q">(Michael Wesley),</subfield>
    <subfield code="d">1950-</subfield>
    <subfield code="e">author.</subfield>
    <subfield code="9">33225</subfield>
  </datafield>
  <datafield tag="942" ind1=" " ind2=" ">
    <subfield code="2">ddc</subfield>
    <subfield code="c">BB</subfield>
  </datafield>
  <datafield tag="999" ind1=" " ind2=" ">
    <subfield code="c">17475</subfield>
    <subfield code="d">17447</subfield>
  </datafield>
  <datafield tag="952" ind1=" " ind2=" ">
    <subfield code="0">0</subfield>
    <subfield code="1">0</subfield>
    <subfield code="2">ddc</subfield>
    <subfield code="4">0</subfield>
    <subfield code="7">0</subfield>
    <subfield code="8">Baccah</subfield>
    <subfield code="a">MAIN</subfield>
    <subfield code="b">MAIN</subfield>
    <subfield code="c">1ST</subfield>
    <subfield code="d">2013-05-16</subfield>
    <subfield code="e">purchase</subfield>
    <subfield code="g">850.00</subfield>
    <subfield code="h">17733</subfield>
    <subfield code="l">0</subfield>
    <subfield code="o">502.82 MUR</subfield>
    <subfield code="p">000028746</subfield>
    <subfield code="r">2025-07-15 00:00:00</subfield>
    <subfield code="v">1062.50</subfield>
    <subfield code="w">2013-05-16</subfield>
    <subfield code="y">BB</subfield>
  </datafield>
</record>
